Statistics for Random 'Top and Tail' Word Quiz - W

Click here to take the quiz!

General Stats

  • This quiz has been taken 68 times
  • The average score is 7 of 10

Answer Stats

HintLettersAnswer% Correct
Capital and largest city of Poland6Warsaw
100%
Woman whose husband has died5Widow
100%
Expression of astonishment3Wow
100%
Standard URL prefix3WWW
92%
Cart for carrying small loads in a garden11Wheelbarrow
87%
Deciduous tree of the genus Salix6Willow
81%
Flounder about in water or mud6Wallow
77%
Transparent panel of glass in the wall of a house6Window
69%
City in Aizona that features in a song by the Eagles7Winslow
44%
Act of separating grain from chaff6Winnow
38%
Retire gracefully8Withdraw
29%
County in the Republic of Ireland7Wicklow
20%
Market town in Cheshire, England8Wilmslow
9%
Sequence of steps in a manufacturing process8Workflow
7%

Score Distribution

Percentile by Number Answered

Percent of People with Each Score

Your Score History

You have not taken this quiz